[Event "Zuoz Engiadina op 23rd"]
[Site "Zuoz"]
[Date "2016.10.07"]
[Round "6"]
[White "Saxer, Bruno"]
[Black "Britschgi, Michele"]
[Result "1-0"]
[WhiteElo "1686"]
[BlackElo "1559"]
[PlyCount "97"]
[EventDate "2016.10.01"]
[EventType "swiss"]
[EventRounds "7"]
[EventCountry "SUI"]
[SourceTitle "EXT 2017"]
[Source "ChessBase"]
[SourceDate "2016.10.25"]
[SourceVersion "1"]
[SourceVersionDate "2016.10.25"]
[SourceQuality "1"]

1. e4 e5 2. d4 exd4 3. Bc4 Nc6 4. Nf3 Bb4+ 5. c3 dxc3 6. bxc3 Be7 7. Qd5 Nh6 8. Bxh6 0-0 9. Be3 d6 10. Qd1 Bg4 11. Nbd2 Bf6 12. 0-0 Bxc3 13. Rc1 Bxd2 14. Bxd2 Ne5 15. Be2 Bxf3 16. Bxf3 c5 17. Bf4 Qf6 18. Bxe5 Qxe5 19. Rc2 Rad8 20. Rd2 g6 21. Re1 Kg7 22. Rd5 b5 23. Rxe5 dxe5 24. Qc1 c4 25. h4 Rd4 26. h5 Rfd8 27. hxg6 hxg6 28. Rd1 a5 29. Rxd4 exd4 30. Kf1 c3 31. Be2 b4 32. Bd3 Rh8 33. Ke2 Re8 34. Qg5 f5 35. f3 a4 36. Bb5 b3 37. axb3 Re6 38. bxa4 fxe4 39. Bc4 exf3+ 40. Kxf3 Re3+ 41. Qxe3 dxe3 42. Kxe3 c2 43. Kd2 Kf6 44. Kxc2 Ke5 45. Bb5 Kd5 46. Kd3 Kc5 47. Ke4 g5 48. g3 Kb6 49. Kf5 1-0

[Event "Davos op 11th"]
[Site "Davos"]
[Date "2013.08.10"]
[Round "5"]
[White "Britschgi, Michele"]
[Black "Van Beckhoven, Boudewijn"]
[Result "0-1"]
[WhiteElo "1645"]
[BlackElo "1902"]
[PlyCount "82"]
[EventDate "2013.08.06"]
[EventType "swiss"]
[EventRounds "5"]
[EventCountry "SUI"]
[SourceTitle "CBM 155 Extra"]
[Source "ChessBase"]
[SourceDate "2013.08.26"]
[SourceVersion "1"]
[SourceVersionDate "2013.08.26"]
[SourceQuality "1"]

1. e4 Nc6 2. d4 d5 3. e5 Bf5 4. c3 e6 5. Ne2 Nge7 6. Bg5 Qd7 7. Bxe7 Bxe7 8. Ng3 Bg6 9. Nd2 0-0-0 10. Bb5 f6 11. Nf3 a6 12. Ba4 b5 13. Bc2 Bxc2 14. Qxc2 fxe5 15. dxe5 g5 16. 0-0-0 g4 17. Nd4 Nxd4 18. Rxd4 h5 19. Kb1 Rdf8 20. Rf1 Bc5 21. Rd2 h4 22. Ne4 Be7 23. f4 Qe8 24. Qb3 Qg6 25. f5 Rxf5 26. Rxf5 Qxf5 27. Qd1 Qxe4+ 28. Ka1 Rf8 29. Re2 Qf4 30. g3 hxg3 31. hxg3 Qf3 32. a3 Rh8 33. Qd2 a5 34. Re3 Rh1+ 35. Re1 a4 36. Rxh1 Qxh1+ 37. Ka2 Qe4 38. Qd1 Bc5 39. Qf1 Qc4+ 40. Qxc4 dxc4 41. Kb1 Bf2 0-1

[Event "Liechtenstein op 25th"]
[Site "Triesen"]
[Date "2007.05.13"]
[Round "3"]
[White "Mertens, Klaus"]
[Black "Britschgi, Michele"]
[Result "1-0"]
[WhiteElo "2092"]
[BlackElo "1759"]
[PlyCount "121"]
[EventDate "2007.05.11"]
[EventType "swiss"]
[EventRounds "9"]
[EventCountry "LIE"]
[SourceTitle "CBM 118 Extra"]
[Source "ChessBase"]
[SourceDate "2007.07.04"]
[SourceVersion "1"]
[SourceVersionDate "2007.07.04"]
[SourceQuality "1"]

1. Nf3 Nf6 2. g3 d5 3. Bg2 Bg4 4. c4 e6 5. b3 c6 6. Bb2 Be7 7. 0-0 Nbd7 8. d3 0-0 9. Nbd2 Re8 10. a3 a5 11. Rc1 Rc8 12. Rc2 Bd6 13. Qa1 Bf8 14. Re1 Qb6 15. Rb1 Bh5 16. Bc3 Qc7 17. b4 axb4 18. axb4 Ra8 19. Ra2 Qb8 20. Rbb2 Rxa2 21. Rxa2 Bxf3 22. Bxf3 e5 23. c5 d4 24. Bb2 Nd5 25. Bxd5 cxd5 26. e3 dxe3 27. fxe3 f6 28. Kf2 h5 29. Ra7 Bxc5 30. bxc5 Nxc5 31. Ra3 Na6 32. Qa2 Rd8 33. Ra5 Nb4 34. Qb3 Nc6 35. Rxd5 Rxd5 36. Qxd5+ Kh8 37. Qf7 Nb4 38. Qxh5+ Kg8 39. Qf5 Qd8 40. Ke2 Nc6 41. Qe6+ Kh8 42. Nc4 Nb4 43. Nd6 Kh7 44. Qh3+ Kg8 45. Qh8+ Kxh8 46. Nf7+ Kh7 47. Nxd8 b6 48. e4 Kh6 49. d4 exd4 50. Bxd4 b5 51. Nf7+ Kh5 52. Nd6 Kg4 53. Ne8 Nc2 54. Bb2 b4 55. Nxg7 Kh3 56. Bxf6 b3 57. Nf5 Kxh2 58. g4 Kh3 59. g5 Nb4 60. g6 Nc6 61. g7 1-0